| 000 | 00697nmc a2200265 a 4500 | ||
|---|---|---|---|
| 003 | AR-BaBNM | ||
| 005 | 20251128204009.0 | ||
| 008 | 037119s1978 ||||||||||||||000 | spa|| | ||
| 020 | _a92-3-301521-1 | ||
| 040 | _cAR-BaBNM | ||
| 110 | 2 | _aInstituto de Jamaica | |
| 245 | 1 | 0 | _aLa política cultural en Jamaica |
| 260 |
_aParís _bUnesco _c1978 |
||
| 300 | 0 |
_a54 p. _bláms. |
|
| 490 | 0 | _aPolíticas culturales: estudios y documentos | |
| 650 | 4 | _aPOLITICA CULTURAL | |
| 650 | 4 | _aDESCOLONIZACION | |
| 650 | 4 | _aDESARROLLO POLITICO | |
| 650 | 4 | _aALFABETIZACION | |
| 650 | 4 | _aPROGRAMAS CULTURALES | |
| 650 | 4 | _aSOCIOLOGIA CULTURAL | |
| 651 | 4 | _aJamaica | |
| 942 | _cBK | ||
| 998 | _cCarmen | ||
| 999 |
_c5770 _d5770 |
||